000 00600nam a2200181 i 4500
001 159185
003 ES-MaACL
005 20240516063100.0
008 000719s1900 fr |||| | fre d
040 _aCCPB | B
_bspa
_cCCPB | B
100 1 _aMaupassant, Guy de,
_d1850-1893
_979214
245 1 0 _aContes de la Bécasse /
_cGuy de Maupassant.
250 _aNouvelle éd. rev.
260 _aParis :
_bLibrairie Paul Ollendorff,
_c1900 (
_fTyp. Chamerot et Renouard)
300 _a299 p. ;
_c18 cm.
852 _aES-MaACL
_jB-3221
_z-- Enc. pasta española
999 _c159185
_d159185